Wiedźmin: Ostatnie Życzenie - test z sagi - Statystyki

Ogólne statystyki
  • Ten quiz został rozwiązany 2 400 razy
  • Średni wynik to 11 z 15
Statystyki odpowiedzi
Zagadnienie Odpowiedź % Poprawnych
Jak miała na imię siostra Foltesta, która zaszła z nim w ciążę: Adda
92%
Jak nazywał się człekokształtny potwór, który mieszkał w opuszczonym pałacyku, który wykonywał jego rozkazy? Nivellen
89%
Kto chciał zabić Mistrza Iriona? Renfri
83%
Kto krył się pod pseudonimem Mistrz Irion? (znajomy Geralta) Stregobor
82%
Jak w prawdzie miał na imię Jeż z Erlenwaldu? Duny
80%
Dlaczego Pavetta była przeznaczona dla Jeża z Erlenwaldu? Jeż uratował męża Calante, a ten w zamian obiecał oddać mu to co zastanie w domu, a czego nie wie i się jeszcze nie spodziewa
80%
Kto u potwora z pałacyku wywoływał przerażające sny? Bruxa
78%
Jakie imię przybrał Geralt podczas uczty na zamku w Cintrze? Ravix z Czteroroga
75%
W jaki sposób Yennefer uniknęła śmierci od Dżinna Geralt wypowiadając ostatnie życzenie związał swój los z czarodziejką
73%
Grododzierżcą Wyzimy był: Velerad
69%
Kto prawdopodobnie rzucił urok na Addę? Ostrit
66%
Ile wynosiła nagroda za odczarowanie strzygi? 3000 orenów
59%
Na początku opowiadania 'Wiedźmin' Geralt chciał się zatrzymać w karczmie, która nosiła nazwę: Pod Lisem
46%
Co stało się w pierwszej kolejności po urodzeniu córki przez Addę? córka i Adda zmarły
43%
Jakie zlecenie przyjął Geralt na Krańcu Świata? wygnać silvana
38%
Nie znaleziono quizów pasujących do podanych kryteriów
Rozkład punktacji
Procent ludzi z każdym wynikiem
Percentyl według liczby udzielonych odpowiedzi
Twoja historia wyników
Nie rozwiązałeś tego quizu